Assessing the use of eyewitness identification reforms in law enforcement agencies

Saved in:  
Bibliographic Details
Authors: Greenspan, R.L. (Author) ; Loftus, E.F. (Author)
Format: Print Article
Language:English
Published: 2017
In:Enthalten in: American Psychology-Law Society Conference
Check availability: HBZ Gateway
Keywords:

MARC

LEADER 00000caa a22000002c 4500
001 1912463148
003 DE-627
005 20250115054934.0
007 tu
008 241217s2017 xx ||||| 00| ||eng c
035 |a (DE-627)1912463148 
035 |a (DE-599)KXP1912463148 
040 |a DE-627  |b ger  |c DE-627  |e rda 
041 |a eng 
084 |a 2,1  |2 ssgn 
100 1 |a Greenspan, R.L.  |e VerfasserIn  |4 aut 
245 1 0 |a Assessing the use of eyewitness identification reforms in law enforcement agencies 
264 1 |c 2017 
336 |a Text  |b txt  |2 rdacontent 
337 |a ohne Hilfsmittel zu benutzen  |b n  |2 rdamedia 
338 |a Band  |b nc  |2 rdacarrier 
655 4 |a Konferenzschrift ; 2017 ; Seattle, WA 
700 1 |a Loftus, E.F.  |e VerfasserIn  |4 aut 
773 0 8 |i Enthalten in  |t American Psychology-Law Society Conference 
787 0 8 |i Forschungsdaten  |a Murphy, Gerard  |t National Survey of Eyewitness Identification Procedure in Law Enforcement Agencies, 1994-2012  |d [Erscheinungsort nicht ermittelbar] : [Verlag nicht ermittelbar], 2014  |w (DE-627)1840047615 
935 |a mkri 
951 |a AR 
ELC |b 1 
LOK |0 000 xxxxxcx a22 zn 4500 
LOK |0 001 4637428637 
LOK |0 003 DE-627 
LOK |0 004 1912463148 
LOK |0 005 20241217044151 
LOK |0 008 241217||||||||||||||||ger||||||| 
LOK |0 035   |a (DE-2619)ICPSR126251 
LOK |0 040   |a DE-2619  |c DE-627  |d DE-2619 
LOK |0 092   |o n 
LOK |0 852   |a DE-2619 
LOK |0 852 1  |9 00 
LOK |0 935   |a uvkn  |a nacp 
LOK |0 939   |a 17-12-24  |b l01 
ORI |a SA-MARC-krimdoka001.raw